MARC details
| 000 -CABECERA |
| campo de control de longitud fija |
03856cam a2200373 i 4500 |
| 001 - NÚMERO DE CONTROL |
| campo de control |
990204313960107026 |
| 003 - IDENTIFICADOR DEL NÚMERO DE CONTROL |
| campo de control |
UkOxU |
| 005 - FECHA Y HORA DE LA ÚLTIMA TRANSACCIÓN |
| campo de control |
20260512150100.0 |
| 008 - DATOS DE LONGITUD FIJA--INFORMACIÓN GENERAL |
| campo de control de longitud fija |
141010s2015 fluab b 001 0 eng |
| 010 ## - NÚMERO DE CONTROL DE LA BIBLIOTECA DEL CONGRESO |
| Número de control de LC |
2014039562 |
| 020 ## - NÚMERO INTERNACIONAL ESTÁNDAR DEL LIBRO |
| Número Internacional Estándar del Libro |
9781482257373 |
| 035 ## - NÚMERO DE CONTROL DEL SISTEMA |
| Número de control de sistema |
(UkOxU)020431396 |
| 035 ## - NÚMERO DE CONTROL DEL SISTEMA |
| Número de control de sistema |
(UkOxU)020431396BIB01 |
| 035 ## - NÚMERO DE CONTROL DEL SISTEMA |
| Número de control de sistema |
(OCoLC)893202561 |
| Número de control cancelado/no válido |
(OCoLC)884540149 |
| -- |
(OCoLC)913200120 |
| -- |
(OCoLC)915438309 |
| 040 ## - FUENTE DE LA CATALOGACIÓN |
| Centro catalogador/agencia de origen |
DLC |
| Lengua de catalogación |
eng |
| Normas de descripción |
rda |
| Centro/agencia transcriptor |
DLC |
| Centro/agencia modificador |
YDX |
| -- |
YDXCP |
| -- |
BTCTA |
| -- |
OCLCF |
| -- |
CDX |
| -- |
AU@ |
| -- |
OCLCO |
| -- |
UkOxU |
| 041 ## - CÓDIGO DE LENGUA |
| Código de lengua del texto/banda sonora o título independiente |
English |
| 042 ## - CÃDIGO DE AUTENTICACIÃN |
| Código de autenticación |
pcc |
| 050 00 - SIGNATURA TOPOGRÁFICA DE LA BIBLIOTECA DEL CONGRESO |
| Número de clasificación |
TK7882.I6 |
| Número de documento/Ítem |
W37 2015 |
| 100 ## - ENTRADA PRINCIPAL--NOMBRE DE PERSONA |
| Nombre de persona |
Ward, Matthew, |
| Fechas asociadas al nombre |
1955- |
| Término indicativo de función/relación |
author. |
| 245 10 - MENCIÓN DE TÍTULO |
| Título |
Interactive data visualization |
| Resto del título |
: foundations, techniques, and applications |
| Mención de responsabilidad, etc. |
/ Matthew Ward, Georges Grinstein, Daniel Keim. |
| 250 ## - MENCIÓN DE EDICIÓN |
| Mención de edición |
Second edition. |
| 264 #1 - PRODUCCIÓN, PUBLICACIÓN, DISTRIBUCIÓN, FABRICACIÓN Y COPYRIGHT |
| Producción, publicación, distribución, fabricación y copyright |
Boca Raaton : |
| Nombre del de productor, editor, distribuidor, fabricante |
CRC Press, Taylor & Francis Group, |
| Fecha de producción, publicación, distribución, fabricación o copyright |
[2015] |
| 300 ## - DESCRIPCIÓN FÍSICA |
| Extensión |
xix, 558 pages : |
| Otras características físicas |
illustrations (some color), maps (some color) ; |
| Dimensiones |
25 cm. |
| 500 ## - NOTA GENERAL |
| Nota general |
"An A K Peters book." |
| 504 ## - NOTA DE BIBLIOGRAFÍA, ETC. |
| Nota de bibliografía, etc. |
Includes bibliographical references and index. |
| 505 0# - NOTA DE CONTENIDO CON FORMATO |
| Nota de contenido con formato |
What Is Visualization? — History of Visualization — Relationship between Visualization and Other Fields — The Visualization Process — The Role of Cognition — Pseudocode Conventions — The Scatterplot — The Role of the User — Related Readings — Exercises — Projects —<br/><br/>Data Foundations —<br/>Types of Data — Structure within and between Records — Data Preprocessing — Data Sets Used in This Book — Related Readings — Exercises — Projects —<br/><br/>Human Perception and Information Processing —<br/>What Is Perception? — Physiology — Perceptual Processing — Perception in Visualization — Metrics — Cognition — Related Readings — Exercises — Projects —<br/><br/>Visualization Foundations —<br/>The Visualization Process in Detail — Semiology of Graphical Symbols — The Eight Visual Variables. |
| 520 ## - SUMARIO, ETC. |
| Sumario, etc. |
An Updated Guide to the Visualisation of Data for Designers, Users, and Researchers: <br/><br/>Interactive Data Visualisation: Foundations, Techniques, and Applications, Second Edition offers the theory, detail, and practical tools required to design and build systems for visualising data. Presented in full colour, it introduces the essential terminology and concepts, discusses algorithmic and software engineering considerations, and outlines widely used techniques and higher-level algorithms. Complete source code is included to support implementation.<br/><br/>New in the Second Edition:<br/><br/>Additional recommended readings, exercises, and programming projects;<br/><br/>Improved figures, with many new illustrations;<br/><br/>A new chapter dedicated to techniques for time-oriented data.<br/><br/>This well-regarded text continues to examine the core elements of the visualisation process, from data through to the human observer. For developers, it provides guidance on designing effective visualisations informed by principles of human perception, graphical design, art, and usability. For practitioners, it illustrates how public and commercial visualisation systems can be applied to real-world problems across a variety of domains. For researchers, it surveys emerging technologies and current areas of innovation being explored in academic and industrial contexts.<br/><br/>Each chapter includes a range of exercises, from review questions to more open-ended problems that encourage readers to develop alternative approaches and extend their understanding. Programming projects further enable readers to move from basic algorithmic implementation to adapting and extending methods for more advanced applications. |
| 650 #0 - PUNTO DE ACCESO ADICIONAL DE MATERIA--TÉRMINO DE MATERIA |
| Término de materia o nombre geográfico como elemento de entrada |
Information visualization |
| 9 (RLIN) |
9123 |
| 650 #0 - PUNTO DE ACCESO ADICIONAL DE MATERIA--TÉRMINO DE MATERIA |
| Término de materia o nombre geográfico como elemento de entrada |
Computer graphics |
| 9 (RLIN) |
9124 |
| 650 #0 - PUNTO DE ACCESO ADICIONAL DE MATERIA--TÉRMINO DE MATERIA |
| Término de materia o nombre geográfico como elemento de entrada |
Image processing |
| 9 (RLIN) |
7327 |
| 700 ## - ENTRADA AGREGADA--NOMBRE PERSONAL |
| Nombre de persona |
Grinstein, Georges G., |
| Término indicativo de función/relación |
author. |
| 9 (RLIN) |
25903 |
| 700 ## - ENTRADA AGREGADA--NOMBRE PERSONAL |
| Nombre de persona |
Keim, Daniel, |
| Término indicativo de función/relación |
author. |
| 9 (RLIN) |
25904 |
| 942 ## - ELEMENTOS DE ENTRADA AGREGADA (KOHA) |
| Fuente del sistema de clasificación o colocación |
Clasificación de Library of Congress |